Eastern Utah Libraries Catalog: Duchesne, Heber, Roosevelt, & Vernal

The super-secret mission to the center of the moon (pie) : (Record no. 405511)

MARC details
000 -LEADER
fixed length control field 01980nam a22003255i 4500
001 - CONTROL NUMBER
control field 23304224
005 - DATE AND TIME OF LATEST TRANSACTION
control field 20250314135636.0
008 - FIXED-LENGTH DATA ELEMENTS--GENERAL INFORMATION
fixed length control field 230831s2024 cau j 000 0 eng
010 ## - LIBRARY OF CONGRESS CONTROL NUMBER
LC control number 2023945851
020 ## - INTERNATIONAL STANDARD BOOK NUMBER
International Standard Book Number 9781368083751
Qualifying information (hardcover)
020 ## - INTERNATIONAL STANDARD BOOK NUMBER
International Standard Book Number 9781368089647
Qualifying information (paperback)
020 ## - INTERNATIONAL STANDARD BOOK NUMBER
Cancelled/invalid ISBN 9781368089692
Qualifying information (ebook)
040 ## - CATALOGING SOURCE
Original cataloging agency DLC
Language of cataloging eng
Description conventions rda
Transcribing agency DLC
042 ## - AUTHENTICATION CODE
Authentication code pcc
092 ## - LOCALLY ASSIGNED DEWEY CALL NUMBER (OCLC)
Classification number junior fiction
Item number de la Cruz
100 1# - MAIN ENTRY--PERSONAL NAME
Personal name de la Cruz, Melissa,
Relator term author.
9 (RLIN) 5687789
245 14 - TITLE STATEMENT
Title The super-secret mission to the center of the moon (pie) :
Remainder of title an octagon valley adventure /
Statement of responsibility, etc Melissa de la Cruz, Kieran Viola.
263 ## - PROJECTED PUBLICATION DATE
Projected publication date 2409
264 #1 - Production, Publication, Distribution, Manufacture, and Copyright Notice.
Place of production, publication, distribution, manufacture Los Angeles :
Name of producer, publisher, distributor, manufacturer Disney Hyperion,
Date of production, publication, distribution, manufacture, or copyr 2024.
300 ## - PHYSICAL DESCRIPTION
Extent pages cm
336 ## - Content Type
Content type term text
337 ## - Media type
Media type term unmediated
338 ## - Carrier type
Carrier type term volume
490 0# - SERIES STATEMENT
Series statement An octagon valley adventure;
Volume number/sequential designation book 2
520 ## - SUMMARY, ETC.
Summary, etc "After discovering in book one that they had every reason to feel a little bit different than their peers, Edwin Edgefield and the rest of his alien-on-earth crew are primed and ready to learn all they can about their home planet. Unfortunately, that planet has been destroyed, and the one person who can help them find out where they came from-Maureen (yuck)-has no intention of helping. In fact, she has just taken off in a rocket ship bound for the moon, where the enemy Yaks awaits with a new version of her planet-destroying machine, this time aimed at earth. It will take every bit of Edwin, Julie, Kimmy and Dilip's super abilities-both mental and physical-to stop Maureen this time. Can they pass through the gauntlet of tests Maureen has set for them and infiltrate the Yaks' secret moon base before the bad guys can power up their earth-blaster, or will Maureen and the Yaks succeed in their vengeful mission?"--
521 ## - TARGET AUDIENCE NOTE
Target audience note Ages 8-13
Source Disney Hyperion
521 ## - TARGET AUDIENCE NOTE
Target audience note Grades 4-6
Source Disney Hyperion
700 1# - ADDED ENTRY--PERSONAL NAME
Personal name Viola, Kieran,
Relator term editor.
9 (RLIN) 6540760
942 ## - ADDED ENTRY ELEMENTS (KOHA)
Source of classification or shelving scheme Dewey Decimal Classification
Koha item type BOOK
Holdings
Withdrawn status Lost status Source of classification or shelving scheme Damaged status Not for loan Collection code Home library Current library Shelving location Date acquired Source of acquisition Serial Enumeration / chronology Total Checkouts Total Renewals Full call number Barcode Date last seen Date checked out Cost, replacement price Price effective from Koha item type
    Dewey Decimal Classification     Junior Fiction Wasatch County Library Wasatch County Library Main Floor Junior Area 03/14/2025 Micromarketing #2 Octagon Valley 1 1 J de la Cruz 34301002149666 05/08/2025 04/02/2025 17.99 03/14/2025 BOOK
This project was made possible through a grant from the Institute of Museum and Library Service administered by the Utah State Library Division.

Wasatch County Library

  • 465 East 1200 South, Heber City, Utah 84032
  • Phone 435-654-1511 | Fax 435-654-6456

Hours

  • Monday - Friday 9:30 AM - 8:00 PM
  • Saturday 9:30 AM - 1:30 PM
  • Closed Sundays and Holidays